Statistics for 14-神奈川県の市町村クイズ

Click here to take the quiz!

General Stats

  • This quiz has been taken 1,510 times
    (558 since last reset)
  • The average score is 18 of 33

Answers on the Map

Answers color-coded by a green-red scale on the quiz's map according to % correct below.
 

Answer Stats

Answer% Correct
川崎かわさき
88%
相模原さがみはら
84%
横浜よこはま
84%
横須賀よこすか
67%
三浦みうら
66%
小田原おだわら
64%
鎌倉かまくら
63%
茅ヶ崎ちがさき
63%
藤沢ふじさわ
63%
平塚ひらつか
61%
葉山はやままち
60%
箱根はこねまち
57%
厚木あつぎ
56%
逗子ずし
56%
大和やまと
56%
湯河原ゆがわらまち
56%
海老名えびな
53%
二宮にのみやまち
53%
大磯おおいそまち
52%
真鶴まなづるまち
52%
座間ざま
48%
秦野はだの
48%
綾瀬あやせ
47%
山北やまきたまち
47%
寒川さむかわまち
46%
南足柄みなみあしがら
46%
愛川あいかわまち
45%
伊勢原いせはら
45%
清川きよかわむら
45%
開成かいせいまち
37%
松田まつだまち
37%
中井なかいまち
34%
大井おおいまち
33%

Score Distribution

Percentile by Number Answered

Percent of People with Each Score

Your Score History

You have not taken this quiz since the last reset